Największe państwo według długości geograficznej - Statystyki

Ogólne statystyki
  • Ten quiz został rozwiązany 79 razy
  • Średni wynik to 9 z 14
Statystyki odpowiedzi
Szerokość geograficzna odpowiedź % Poprawnych
80° N Rosja
100%
40° N Stany Zjednoczone
67%
20° N Chiny
65%
70° N Rosja
65%
60° N Rosja
65%
50° N Rosja
65%
30° N Stany Zjednoczone
64%
Brazylia
62%
10° S Brazylia
62%
30° S Brazylia
62%
40° S Australia
61%
20° S Brazylia
61%
10° N Indie
61%
50° S Argentyna
59%
Nie znaleziono quizów pasujących do podanych kryteriów
Rozkład punktacji
Procent ludzi z każdym wynikiem
Percentyl według liczby udzielonych odpowiedzi
Twoja historia wyników
Nie rozwiązałeś tego quizu